| 000 | 00875nas a2200277 4500 | ||
|---|---|---|---|
| 001 | BR0403185 | ||
| 003 | BR-BrBNA | ||
| 005 | 20231205104628.0 | ||
| 007 | ta | ||
| 008 | 230509b bl.|||p| |||| 00| 00por d | ||
| 040 |
_aBR-BrBNA _bpor _cBiblioteca Nacional de Agricultura |
||
| 041 | _a(Pt) | ||
| 072 | _aF70 | ||
| 100 | 1 | _aSantos, R. de C.P. dos | |
| 100 | 1 | _aLisboa, R.C.L. | |
| 245 | 1 | _aMusgos (Bryophyta)do nordeste paraense, Brasil - 1. Zona bragantina, microrregião do Salgado e município de Viseu | |
| 650 | _aMUSGO | ||
| 650 | _aINVENTÁRIO FLORESTAL | ||
| 650 | _aVEGETAÇÃO NATIVA | ||
| 650 | _aVEGETAÇÃO SECUNDÁRIA | ||
| 650 | _aTAXONOMIA VEGETAL | ||
| 650 | _aPARÁ | ||
| 773 | 0 |
_tActa Amazônica (Brazil) _xISSN 0044-5967 _g(Jul-Sep 2003), v. 33(3) p. 415-422 _wBR0403185 |
|
| 909 |
_a202311 _bLúcia _c55 _dLúcia Elande |
||
| 942 |
_2AGRIS _n0 _cANA |
||
| 999 |
_c179025 _d179025 |
||